| Tag |
First Indicator |
Second Indicator |
Subfields |
| LEADER |
00000cam a22000001a 4500 |
| 001 |
in00003408024 |
| 006 |
m d f |
| 007 |
cr bn mmmapmmp |
| 008 |
101223s2009 dcu o f000 0 eng d |
| 005 |
20260430155244.5 |
| 035 |
|
|
|a cis2007870314
|
| 040 |
|
|
|a ProQuest
|c ProQuest
|d UtOrBLW
|
| 043 |
|
|
|a n-us---
|
| 099 |
|
|
|a CRS-2009-FDT-0827
|
| 110 |
2 |
|
|a Library of Congress.
|b Congressional Research Service.
|
| 245 |
1 |
0 |
|a Afghanistan and Pakistan Reconstruction Opportunity Zones (ROZs), H.R. 1318/H.R. 1886/H.R. 2410 and S. 496 :
|b Issues and Arguments.
|
| 264 |
|
1 |
|a [Place of publication not identified] :
|b [publisher not identified],
|c 2009.
|
| 300 |
|
|
|a 1 online resource.
|
| 336 |
|
|
|a text
|b txt
|2 rdacontent
|
| 337 |
|
|
|a computer
|b c
|2 rdamedia
|
| 338 |
|
|
|a online resource
|b cr
|2 rdacarrier
|
| 500 |
|
|
|a Record is based on bibliographic data in ProQuest U.S. Congressional Research Digital Collection (last viewed Dec. 2010). Reuse except for individual research requires license from ProQuest, LLC.
|
| 500 |
|
|
|a CRS Report.
|
| 520 |
|
|
|a Explains H.R. 1318, the Afghanistan-Pakistan Security and Prosperity Enhancement Act, and S. 496, the Pakistan Reconstruction Opportunity Zones Act, both to establish a unilateral U.S. trade preference program for Afghanistan and parts of Pakistan, permitting certain goods produced in designated reconstruction opportunity zones to be imported into U.S. duty-free. Highlights major elements of H.R. 1318 as it was incorporated into H.R. 1886, the Pakistan Enduring Assistance and Cooperation Enhancement Act, and added to H.R. 2410, the Foreign Relations Authorization Act, FY2010-FY2011; and S. 496. Reviews potential issues and considers future outlook. Includes tables.
|
| 500 |
|
|
|a Electronic resource.
|
| 650 |
|
0 |
|a Foreign trade promotion.
|
| 651 |
|
0 |
|a Afghanistan.
|
| 651 |
|
0 |
|a Pakistan.
|
| 655 |
|
7 |
|a Electronic books.
|2 local
|
| 710 |
2 |
|
|a ProQuest (Firm)
|
| 776 |
0 |
8 |
|i Microfiche version:
|a Library of Congress. Congressional Research Service.
|t Afghanistan and Pakistan Reconstruction Opportunity Zones (ROZs), H.R. 1318/H.R. 1886/H.R. 2410 and S. 496
|
| 830 |
|
0 |
|a U.S. Congressional Research.
|
| 856 |
4 |
0 |
|u http://proxy.library.tamu.edu/login?url=https://congressional.proquest.com/congcomp/getdoc?CRDC-ID=CRS-2009-FDT-0827
|z Connect to the full text of this electronic book
|t 0
|
| 999 |
|
|
|a MARS
|
| 999 |
f |
f |
|s c13c30bf-af42-306a-a476-2d1ca2b99b7c
|i 86cf10ee-f886-35f7-96c2-b6874a7c1f7c
|t 0
|
| 952 |
f |
f |
|a Texas A&M University
|b College Station
|c Electronic Resources
|s www_evans
|d Available Online
|t 0
|e CRS-2009-FDT-0827
|h Other scheme
|
| 998 |
f |
f |
|a CRS-2009-FDT-0827
|t 0
|l Available Online
|